[Event "Balkan Youth Online-ch 2020"]
[Site "Online"]
[Date "2020.10.31"]
[Round "5.26"]
[White "Yavuz, Efe Metehan"]
[Black "Gregoric, Andraz"]
[Result "1-0"]
[WhiteElo "1981"]
[BlackElo "2037"]
[Annotator "ChessBase"]
[PlyCount "73"]
[EventDate "2020.10.31"]
[EventType "swiss"]
[SourceTitle "playchess.com"]
[Source "ChessBase"]
[SourceQuality "1"]
[TimeControl "1500+5"]

1. e4 {[%emt 0:00:00]} e5 {[%emt 0:00:00]} 2. Nf3 {[%emt 0:00:00]} Nc6 {[%emt 0:00:00]} 3. Bb5 {[%emt 0:00:00]} a6 {[%emt 0:00:00]} 4. Bxc6 {[%emt 0:00:00]} dxc6 {[%emt 0:00:00]} 5. O-O {[%emt 0:00:00]} Qd6 {[%emt 0:00:42]} 6. Na3 {[%emt 0:00:00]} Be6 {[%emt 0:00:18]} 7. Qe2 {[%emt 0:00:00]} Be7 {[%emt 0:00:04]} 8. Rd1 {[%emt 0:00:38]} O-O-O {[%emt 0:00:05]} 9. c3 {[%emt 0:04:43]} Bg4 {[%emt 0:01:04]} 10. h3 {[%emt 0:01:13]} Bxf3 {[%emt 0:00:09]} 11. Qxf3 {[%emt 0:00:00]} Qd3 {[%emt 0:00:53]} 12. Qxf7 {[%emt 0:01:16]} Qxe4 {[%emt 0:00:06]} 13. d3 {[%emt 0:05:28]} Rxd3 {[%emt 0:01:04]} 14. Qe8+ {[%emt 0:00:13]} Rd8 {[%emt 0:03:41]} 15. Rxd8+ {[%emt 0:00:09]} Bxd8 {[%emt 0:00:00]} 16. Bg5 {[%emt 0:04:08]} Qd5 {[%emt 0:00:53]} 17. Nc4 {[%emt 0:01:23]} e4 {[%emt 0:00:29]} 18. Ne5 {[%emt 0:00:57]} h6 {[%emt 0:00:55]} 19. Bxd8 {[%emt 0:00:22]} Qxd8 {[%emt 0:00:22]} 20. Qxd8+ {[%emt 0:00:00]} Kxd8 {[%emt 0:00:00]} 21. Nf7+ {[%emt 0:00:00]} Ke8 {[%emt 0:00:00]} 22. Nxh8 {[%emt 0:00:00]} Ne7 {[%emt 0:00:00]} 23. Re1 {[%emt 0:00:00]} Kf8 {[%emt 0:00:00]} 24. Rxe4 {[%emt 0:00:00]} Kg8 {[%emt 0:00:00]} 25. Rxe7 {[%emt 0:00:00]} Kxh8 {[%emt 0:00:00]} 26. f4 {[%emt 0:00:00]} h5 {[%emt 0:00:00]} 27. f5 {[%emt 0:00:00]} a5 {[%emt 0:00:00]} 28. Kf2 {[%emt 0:00:00]} c5 {[%emt 0:00:00]} 29. Ke3 {[%emt 0:00:00]} b5 {[%emt 0:00:00]} 30. Kf4 {[%emt 0:00:00]} b4 {[%emt 0:00:00]} 31. Kg5 {[%emt 0:00:00]} Kh7 {[%emt 0:00:00]} 32. f6 {[%emt 0:00:00]} bxc3 {[%emt 0:00:00]} 33. bxc3 {[%emt 0:00:00]} c4 {[%emt 0:00:00]} 34. Rxg7+ {[%emt 0:00:00]} Kh8 {[%emt 0:00:00]} 35. Kg6 {[%emt 0:00:00]} h4 {[%emt 0:00:00]} 36. f7 {[%emt 0:00:00]} c5 {[%emt 0:00:00]} 37. Rg8# {[%emt 0:00:00]} 1-0

[Event "Balkan Youth Online-ch 2020"]
[Site "Online"]
[Date "2020.10.31"]
[Round "5.27"]
[White "Skrbec, Leon"]
[Black "Djurovic, Peko"]
[Result "0-1"]
[WhiteElo "1964"]
[BlackElo "2074"]
[Annotator "ChessBase"]
[PlyCount "74"]
[EventDate "2020.10.31"]
[EventType "swiss"]
[SourceTitle "playchess.com"]
[Source "ChessBase"]
[SourceQuality "1"]
[TimeControl "1500+5"]

1. e4 {[%emt 0:00:00]} c5 {[%emt 0:00:00]} 2. Nf3 {[%emt 0:00:00]} Nc6 {[%emt 0:00:00]} 3. d4 {[%emt 0:00:00]} cxd4 {[%emt 0:00:00]} 4. Nxd4 {[%emt 0:00:00]} Nf6 {[%emt 0:00:00]} 5. Nc3 {[%emt 0:00:00]} e5 {[%emt 0:00:00]} 6. Ndb5 {[%emt 0:00:00]} d6 {[%emt 0:00:00]} 7. Bg5 {[%emt 0:00:00]} a6 {[%emt 0:00:00]} 8. Na3 {[%emt 0:00:00]} b5 {[%emt 0:00:00]} 9. Nd5 {[%emt 0:00:00]} Be7 {[%emt 0:00:00]} 10. Bxf6 {[%emt 0:00:00]} Bxf6 {[%emt 0:00:00]} 11. c4 {[%emt 0:00:20]} b4 {[%emt 0:00:00]} 12. Nc2 {[%emt 0:00:00]} O-O {[%emt 0:00:39]} 13. g3 {[%emt 0:00:00]} Bg5 {[%emt 0:00:00]} 14. Bg2 {[%emt 0:00:05]} a5 {[%emt 0:00:00]} 15. O-O {[%emt 0:00:00]} Be6 {[%emt 0:00:00]} 16. b3 {[%emt 0:00:01]} Kh8 {[%emt 0:00:00]} 17. f4 {[%emt 0:00:49]} exf4 {[%emt 0:00:00]} 18. gxf4 {[%emt 0:00:00]} Bf6 {[%emt 0:00:00]} 19. Nxf6 {[%emt 0:00:02]} gxf6 {[%emt 0:00:17]} 20. Kh1 {[%emt 0:00:34]} Qc7 {[%emt 0:00:15]} 21. Qd2 {[%emt 0:00:22]} Rg8 {[%emt 0:00:10]} 22. Rad1 {[%emt 0:00:38]} Rad8 {[%emt 0:00:00]} 23. Ne3 {[%emt 0:00:23]} Rg7 {[%emt 0:00:19]} 24. f5 {[%emt 0:01:08]} Bc8 {[%emt 0:00:00]} 25. Nd5 {[%emt 0:00:00]} Qa7 {[%emt 0:00:07]} 26. Nxf6 {[%emt 0:00:29]} Ne5 {[%emt 0:00:00]} 27. Nh5 {[%emt 0:00:08]} Rg4 {[%emt 0:00:12]} 28. Qh6 {[%emt 0:00:47]} Qe7 {[%emt 0:01:03]} 29. h3 {[%emt 0:00:49]} Rxg2 {[%emt 0:01:12]} 30. Kxg2 {[%emt 0:00:10]} Rg8+ {[%emt 0:00:00]} 31. Kh1 {[%emt 0:00:02]} Ng4 {[%emt 0:00:36]} 32. hxg4 {[%emt 0:06:42]} Qxe4+ {[%emt 0:00:20]} 33. Kh2 {[%emt 0:00:11]} Qe2+ {[%emt 0:00:02]} 34. Rf2 {[%emt 0:00:40]} Qxf2+ {[%emt 0:00:00]} 35. Kh3 {[%emt 0:00:00]} Qf3+ {[%emt 0:00:06]} 36. Kh2 {[%emt 0:00:00]} Qe2+ {[%emt 0:00:00]} 37. Kh3 {[%emt 0:01:07]} Qxg4+ {[%emt 0:00:00]} 0-1

[Event "Balkan Youth Online-ch 2020"]
[Site "Online"]
[Date "2020.10.31"]
[Round "5.28"]
[White "Ristic, Luka"]
[Black "Xheladini, Valton"]
[Result "1-0"]
[WhiteElo "2262"]
[BlackElo "1440"]
[Annotator "TA"]
[PlyCount "51"]
[EventDate "2020.10.31"]
[EventType "swiss"]
[SourceTitle "playchess.com"]
[Source "ChessBase"]
[SourceQuality "1"]

{[%evp 11,51,34,55,11,11,21,13,2,9,-36,-26,-33,-29,-121,-72,-100,85,36,113,114,123,95,110,82,77,110,93,87,178,178,278,-91,283,277,209,168,162,130,29993,29994,29996,74]} 1. d4 Nf6 2. Bf4 c6 3. c4 d5 4. Nc3 e6 5. e3 Nbd7 6. Nf3 Nh5 7. Bg3 {D37: Queen's Gambit Declined: 5 Bf4.} (7. Bg5 {with more complications.} Nhf6 8. Bd3 Be7 9. O-O O-O 10. Rc1) 7... Nxg3 8. hxg3 g6 {[#]} 9. Qc2 $146 {The position is equal.} ({Predecessor:} 9. Qd2 f5 10. O-O-O Bg7 11. e4 fxe4 12. Ng5 Nf8 13. f3 h5 14. f4 Bh6 15. Nh3 {0-1 (58) Ding,D (1722)-Habla,J (2176) Pattaya 2019}) 9... Bg7 10. e4 {[%cal Re4d5]} dxc4 11. a4 O-O 12. e5 (12. Bxc4 $11 c5 13. d5) 12... a6 13. Bxc4 Nb6 $2 (13... c5 $1 $17 {stays on course. And now ...cxd4 would win.} 14. dxc5 Nxe5 15. Nxe5 Bxe5) 14. Bb3 h5 (14... c5 $14) 15. Ne4 $16 Nd5 16. Qd2 Qb6 17. Bxd5 exd5 18. Nf6+ $1 Bxf6 19. exf6 {White wants to mate with Qh6.} c5 {[#]} (19... Qd8 $16) 20. Qg5 $1 $18 Bg4 ({Wrong is} 20... cxd4 $2 21. Rxh5 Re8+ 22. Kf1 $18) (20... Re8+ $6 21. Ne5 $16) (20... Qe6+ $142 21. Kf1 Qf5) 21. a5 $2 (21. Ne5 $18 {Nxg6! is the strong threat.} Rfe8 22. Kf1 Qxb2 23. Re1) 21... Qxb2 $4 {[%mdl 8192]} (21... Rfe8+ $17 {keeps the pressure on.} 22. Kf1 Qxb2 {[%mdl 64] Double Attack}) 22. O-O {Intending Qh6 and mate.} Kh7 ({Stronger than} 22... Bxf3 23. Qh6 Qxf2+ 24. Rxf2 cxd4 25. Qg7#) 23. Rab1 $40 {[%mdl 128] White goes for the king.} ({Don't take} 23. dxc5 $6 Bf5 $16) 23... Qc2 24. Ne5 cxd4 $2 {[%mdl 8192]} (24... Qf5 $16 25. Qxf5 Bxf5) 25. Nxg4 {[%mdl 64] Discovered Attack} hxg4 {[#]} 26. Qh4+ $1 {Av CentiPawn Loss W=-87/B=-95. Weighted=-121/-121} 1-0

[Event "Balkan Youth Online-ch 2020"]
[Site "Online"]
[Date "2020.10.31"]
[Round "5.30"]
[White "Farmakoski, Georg"]
[Black "Herega, Nejc"]
[Result "0-1"]
[WhiteElo "1481"]
[BlackElo "2052"]
[Annotator "ChessBase"]
[PlyCount "100"]
[EventDate "2020.10.31"]
[EventType "swiss"]
[SourceTitle "playchess.com"]
[Source "ChessBase"]
[SourceQuality "1"]
[TimeControl "1500+5"]

1. d4 {[%emt 0:00:00]} Nf6 {[%emt 0:00:00]} 2. Nf3 {[%emt 0:00:00]} e6 {[%emt 0:00:16]} 3. g3 {[%emt 0:00:00]} d5 {[%emt 0:00:01]} 4. Bg2 {[%emt 0:00:00]} b5 {[%emt 0:00:14]} 5. O-O {[%emt 0:00:02]} Bb7 {[%emt 0:00:06]} 6. b3 {[%emt 0:00:00]} Bd6 {[%emt 0:00:03]} 7. Bb2 {[%emt 0:00:00]} O-O {[%emt 0:00:19]} 8. Nbd2 {[%emt 0:00:00]} Nbd7 {[%emt 0:00:33]} 9. Ne5 {[%emt 0:00:20]} Ne4 {[%emt 0:01:41]} 10. a4 {[%emt 0:01:18]} f6 {[%emt 0:01:45]} 11. Nxd7 {[%emt 0:02:06]} Qxd7 {[%emt 0:00:00]} 12. Nxe4 {[%emt 0:00:12]} dxe4 {[%emt 0:00:00]} 13. Ba3 {[%emt 0:00:32]} bxa4 {[%emt 0:01:05]} 14. Bxd6 {[%emt 0:00:01]} cxd6 {[%emt 0:00:00]} 15. Rxa4 {[%emt 0:00:03]} d5 {[%emt 0:00:32]} 16. Qd2 {[%emt 0:00:16]} Rfc8 {[%emt 0:00:53]} 17. Rc1 {[%emt 0:01:03]} Rc6 {[%emt 0:00:41]} 18. c4 {[%emt 0:00:10]} a6 {[%emt 0:01:52]} 19. e3 {[%emt 0:00:48]} Rac8 {[%emt 0:00:54]} 20. c5 {[%emt 0:00:05]} e5 {[%emt 0:00:00]} 21. Ra2 {[%emt 0:02:00]} f5 {[%emt 0:01:22]} 22. b4 {[%emt 0:00:41]} f4 {[%emt 0:02:26]} 23. exf4 {[%emt 0:00:42]} exf4 {[%emt 0:00:00]} 24. Qxf4 {[%emt 0:00:03]} Rf8 {[%emt 0:00:05]} 25. Qe3 {[%emt 0:00:16]} Rcf6 {[%emt 0:00:05]} 26. Rcc2 {[%emt 0:01:03]} Rf3 {[%emt 0:02:15]} 27. Qe1 {[%emt 0:03:38]} h5 {[%emt 0:02:17]} 28. Rc3 {[%emt 0:02:51]} R3f6 {[%emt 0:01:45]} 29. Rb2 {[%emt 0:03:41]} Bc6 {[%emt 0:00:07]} 30. Ra3 {[%emt 0:00:08]} Bb5 {[%emt 0:00:04]} 31. Re3 {[%emt 0:00:19]} h4 {[%emt 0:00:31]} 32. Qd1 {[%emt 0:00:34]} h3 {[%emt 0:00:47]} 33. Bf1 {[%emt 0:00:06]} Bxf1 {[%emt 0:00:00]} 34. Qxf1 {[%emt 0:00:04]} Qg4 {[%emt 0:00:13]} 35. Qe2 {[%emt 0:00:17]} Rxf2 {[%emt 0:01:25]} 36. Qxf2 {[%emt 0:00:11]} Rxf2 {[%emt 0:00:16]} 37. Kxf2 {[%emt 0:00:32]} Qd1 {[%emt 0:00:00]} 38. Reb3 {[%emt 0:01:17]} Qxd4+ {[%emt 0:00:18]} 39. Ke2 {[%emt 0:00:06]} Qc4+ {[%emt 0:00:09]} 40. Kd2 {[%emt 0:00:04]} d4 {[%emt 0:00:01]} 41. Ke1 {[%emt 0:00:11]} e3 {[%emt 0:00:16]} 42. Rb1 {[%emt 0:00:16]} d3 {[%emt 0:00:04]} 43. b5 {[%emt 0:00:01]} axb5 {[%emt 0:00:31]} 44. Rxb5 {[%emt 0:00:09]} Qc2 {[%emt 0:00:00]} 45. Rb8+ {[%emt 0:00:05]} Kh7 {[%emt 0:00:00]} 46. Rd1 {[%emt 0:00:09]} Qc3+ {[%emt 0:00:09]} 47. Kf1 {[%emt 0:00:00]} e2+ {[%emt 0:00:00]} 48. Kf2 {[%emt 0:00:00]} exd1=Q {[%emt 0:00:00]} 49. c6 {[%emt 0:00:00]} Qe2+ {[%emt 0:00:00]} 50. Kg1 {[%emt 0:00:00]} Qce1# {[%emt 0:00:00]} 0-1

[Event "Balkan Youth Online-ch 2020"]
[Site "Online"]
[Date "2020.10.31"]
[Round "5.31"]
[White "Xhembulla, Aleksander"]
[Black "Smirnov, Grigorii"]
[Result "1-0"]
[WhiteElo "1739"]
[BlackElo "1413"]
[Annotator "NA"]
[PlyCount "137"]
[EventDate "2020.10.31"]
[EventType "swiss"]
[SourceTitle "playchess.com"]
[Source "ChessBase"]
[SourceQuality "1"]
[TimeControl "1500+5"]

1. e4 {[%emt 0:00:00]} c6 {[%emt 0:00:02]} 2. d4 {[%emt 0:00:00]} d5 {[%emt 0:00:00]} 3. Nc3 {[%emt 0:00:00]} dxe4 {[%emt 0:00:00]} 4. Nxe4 {[%emt 0:00:00]} Bf5 {[%emt 0:00:00]} 5. Ng3 {[%emt 0:00:00]} Bg6 {[%emt 0:00:00]} 6. h4 {[%emt 0:00:00]} h6 {[%emt 0:00:00]} 7. Nf3 {[%emt 0:00:00]} Nd7 {[%emt 0:00:00]} 8. h5 {[%emt 0:00:00]} Bh7 {[%emt 0:00:00]} 9. Bd3 {[%emt 0:00:00]} Bxd3 {[%emt 0:00:00]} 10. Qxd3 {[%emt 0:00:00]} Ngf6 {[%emt 0:00:00]} 11. Bd2 {[%emt 0:00:00]} e6 {[%emt 0:00:00]} 12. O-O-O {[%emt 0:00:00]} Bd6 {[%emt 0:00:00]} 13. Ne4 {[%emt 0:00:44]} Nxe4 {[%emt 0:00:00]} 14. Qxe4 {[%emt 0:00:00]} Nf6 {[%emt 0:00:00]} 15. Qe2 {[%emt 0:00:01]} a5 {[%emt 0:00:00]} 16. c4 {[%emt 0:01:51]} a4 {[%emt 0:00:10]} 17. Ne5 {[%emt 0:03:12]} a3 {[%emt 0:00:41]} 18. b3 {[%emt 0:00:19]} Qc7 {[%emt 0:00:12]} 19. Kb1 {[%emt 0:00:18]} Nd7 {[%emt 0:01:01]} 20. Nxd7 {[%emt 0:00:43]} Qxd7 {[%emt 0:00:28]} 21. Qg4 {[%emt 0:01:47]} Bf8 {[%emt 0:01:43]} 22. Rhe1 {[%emt 0:01:02]} O-O-O {[%emt 0:00:41]} 23. Ba5 {[%emt 0:01:12]} Re8 {[%emt 0:00:01]} 24. d5 {[%emt 0:00:08]} e5 {[%emt 0:02:26]} 25. Qf3 {[%emt 0:02:52]} c5 {[%emt 0:05:31]} 26. Bd2 {[%emt 0:01:15]} Bd6 {[%emt 0:01:49]} 27. Bc1 {[%emt 0:00:13]} f5 {[%emt 0:00:14]} 28. Bxa3 {[%emt 0:01:00]} Rhf8 {[%emt 0:01:36]} 29. Qe2 {[%emt 0:01:35]} b6 {[%emt 0:00:55]} 30. Bb2 {[%emt 0:00:10]} Kc7 {[%emt 0:00:35]} 31. Bc3 {[%emt 0:00:30]} f4 {[%emt 0:00:23]} 32. g4 {[%emt 0:03:34]} f3 {[%emt 0:02:58]} 33. Qb2 {[%emt 0:00:37]} Qxg4 {[%emt 0:01:03]} 34. Rg1 {[%emt 0:01:12]} Qf5+ {[%emt 0:00:24]} 35. Ka1 {[%emt 0:00:02]} Re7 {[%emt 0:01:55]} 36. Qa3 {[%emt 0:00:48]} Kb7 {[%emt 0:00:07]} 37. Rg6 {[%emt 0:01:29]} Rf6 {[%emt 0:00:51]} 38. Rxf6 {[%emt 0:00:08]} Qxf6 {[%emt 0:00:49]} 39. Rg1 {[%emt 0:00:24]} Qf5 {[%emt 0:00:50]} 40. Rg6 {[%emt 0:00:26]} Qd7 {[%emt 0:00:07]} 41. Qb2 {[%emt 0:00:06]} Kc7 {[%emt 0:00:26]} 42. Qc2 {[%emt 0:00:30]} Qh3 {[%emt 0:00:06]} 43. Rxd6 {[%emt 0:00:11]} Kxd6 {[%emt 0:00:17]} 44. Qg6+ {[%emt 0:00:00]} Kd7 {[%emt 0:00:01]} 45. Qc6+ {[%emt 0:00:08]} Kd8 {[%emt 0:00:00]} 46. Qxb6+ {[%emt 0:00:02]} Ke8 {[%emt 0:00:06]} 47. Qg6+ {[%emt 0:00:06]} Kf8 {[%emt 0:00:11]} 48. d6 {[%emt 0:00:07]} Rd7 {[%emt 0:00:01]} 49. Bb2 {[%emt 0:00:03]} Qf1+ {[%emt 0:00:06]} 50. Qb1 {[%emt 0:00:00]} Qxb1+ {[%emt 0:00:02]} 51. Kxb1 {[%emt 0:00:00]} Rxd6 {[%emt 0:00:00]} 52. Bxe5 {[%emt 0:00:00]} Rd2 {[%emt 0:00:00]} 53. Bg3 {[%emt 0:00:00]} Kf7 {[%emt 0:00:02]} 54. a4 {[%emt 0:00:00]} Ke7 {[%emt 0:00:25]} 55. Kc1 {[%emt 0:00:09]} Ra2 {[%emt 0:00:00]} 56. Kb1 {[%emt 0:00:00]} Rd2 {[%emt 0:00:06]} 57. Kc1 {[%emt 0:00:00]} Rd8 {[%emt 0:00:04]} 58. Bh4+ {[%emt 0:00:00]} Kd7 {[%emt 0:00:00]} 59. Bxd8 {[%emt 0:00:00]} Kxd8 {[%emt 0:00:00]} 60. Kd2 {[%emt 0:00:00]} Kc7 {[%emt 0:00:00]} 61. Ke3 {[%emt 0:00:00]} Kb6 {[%emt 0:00:00]} 62. Kxf3 {[%emt 0:00:00]} Ka5 {[%emt 0:00:00]} 63. Ke4 {[%emt 0:00:00]} Kb4 {[%emt 0:00:00]} 64. Kd5 {[%emt 0:00:00]} Kxb3 {[%emt 0:00:00]} 65. a5 {[%emt 0:00:00]} Kc3 {[%emt 0:00:00]} 66. a6 {[%emt 0:00:00]} Kd2 {[%emt 0:00:00]} 67. a7 {[%emt 0:00:00]} Ke2 {[%emt 0:00:00]} 68. a8=Q {[%emt 0:00:00]} Kxf2 {[%emt 0:00:00]} 69. Qf8+ {[%emt 0:00:00]} 1-0

[Event "Balkan Youth Online-ch 2020"]
[Site "Online"]
[Date "2020.10.31"]
[Round "5.32"]
[White "Dobre, Radu-Fabian"]
[Black "Guri, Adrian"]
[Result "1-0"]
[WhiteElo "2050"]
[BlackElo "1611"]
[Annotator "ChessBase"]
[PlyCount "51"]
[EventDate "2020.10.31"]
[EventType "swiss"]
[SourceTitle "playchess.com"]
[Source "ChessBase"]
[SourceQuality "1"]
[TimeControl "1500+5"]

1. e4 {[%emt 0:00:01]} c5 {[%emt 0:08:40]} 2. Nf3 {[%emt 0:00:42]} g6 {[%emt 0:00:00]} 3. c3 {[%emt 0:00:12]} Bg7 {[%emt 0:00:00]} 4. d4 {[%emt 0:00:00]} cxd4 {[%emt 0:00:00]} 5. cxd4 {[%emt 0:00:00]} d5 {[%emt 0:00:00]} 6. e5 {[%emt 0:00:00]} Bg4 {[%emt 0:00:00]} 7. Bb5+ {[%emt 0:00:40]} Nd7 {[%emt 0:00:00]} 8. h3 {[%emt 0:00:43]} Bxf3 {[%emt 0:00:00]} 9. Qxf3 {[%emt 0:00:02]} a6 {[%emt 0:00:00]} 10. Bd3 {[%emt 0:00:37]} e6 {[%emt 0:00:00]} 11. O-O {[%emt 0:00:41]} Qb6 {[%emt 0:00:00]} 12. Be3 {[%emt 0:04:24]} Qxb2 {[%emt 0:02:05]} 13. Nd2 {[%emt 0:00:00]} Qc3 {[%emt 0:00:23]} 14. Qe2 {[%emt 0:00:38]} Ne7 {[%emt 0:00:43]} 15. Rfc1 {[%emt 0:00:10]} Qa5 {[%emt 0:00:04]} 16. Nb3 {[%emt 0:00:16]} Qd8 {[%emt 0:00:28]} 17. Bg5 {[%emt 0:00:05]} O-O {[%emt 0:00:29]} 18. Bxe7 {[%emt 0:00:04]} Qxe7 {[%emt 0:00:06]} 19. Rc7 {[%emt 0:00:11]} b5 {[%emt 0:03:22]} 20. Nc5 {[%emt 0:00:10]} Rfd8 {[%emt 0:00:28]} 21. a4 {[%emt 0:01:06]} Rac8 {[%emt 0:00:58]} 22. Rb7 {[%emt 0:02:48]} Rb8 {[%emt 0:01:05]} 23. axb5 {[%emt 0:00:50]} axb5 {[%emt 0:01:16]} 24. Raa7 {[%emt 0:00:16]} Rxb7 {[%emt 0:00:02]} 25. Rxb7 {[%emt 0:00:00]} Kf8 {[%emt 0:03:20]} 26. Bxb5 {[%emt 0:00:10]} 1-0

[Event "Balkan Youth Online-ch 2020"]
[Site "Online"]
[Date "2020.10.31"]
[Round "5.33"]
[White "Dafa, Sirio"]
[Black "Oltean, Cristian-Daniel"]
[Result "0-1"]
[WhiteElo "1004"]
[BlackElo "2001"]
[Annotator "NA"]
[PlyCount "90"]
[EventDate "2020.10.31"]
[EventType "swiss"]
[SourceTitle "playchess.com"]
[Source "ChessBase"]
[SourceQuality "1"]
[TimeControl "1500+5"]

1. e4 {[%emt 0:00:00]} d5 {[%emt 0:00:00]} 2. exd5 {[%emt 0:00:00]} Nf6 {[%emt 0:00:00]} 3. d4 {[%emt 0:00:09]} Bg4 {[%emt 0:00:00]} 4. Be2 {[%emt 0:00:52]} Bxe2 {[%emt 0:00:00]} 5. Nxe2 {[%emt 0:00:13]} Qxd5 {[%emt 0:00:00]} 6. O-O {[%emt 0:00:02]} Nc6 {[%emt 0:00:00]} 7. Na3 {[%emt 0:02:00] B01: Scandinavian Defence.} O-O-O {[%emt 0:00:00]} 8. c4 {[%emt 0:00:10]} Qh5 {[%emt 0:00:08]} 9. Nc2 {[%emt 0:01:25] [#]} g5 $146 {[%emt 0:02:54]} ({Predecessor:} 9... e6 10. Bf4 g5 11. Bg3 Qg6 12. b4 Ne4 13. b5 Nxg3 14. bxc6 Nxf1 15. cxb7+ Kb8 16. Kxf1 {0-1 (69) Zareba,R (2093)-Janiszewski,M (2129) Jastrzebia Gora 2016}) 10. Nc3 {[%emt 0:02:56]} Qg6 {[%emt 0:00:58]} 11. d5 {[%emt 0:02:38]} e6 {[%emt 0:03:55]} 12. Ne3 {[%emt 0:04:38]} (12. Nd4 $5 {[%cal Rd5c6]} Nb4 13. a3 $14 (13. dxe6 $2 c5 $17)) 12... exd5 {[%emt 0:02:48]} 13. cxd5 {[%emt 0:01:04]} Bc5 {[%emt 0:02:35]} 14. Qa4 {[%emt 0:01:24]} Ne7 {[%emt 0:01:57]} 15. Rd1 {[%emt 0:02:24]} (15. b4 $1 $11 Bxe3 16. Bxe3) 15... Rd7 {[%emt 0:02:31]} 16. b4 {[%emt 0:01:19]} Bb6 {[%emt 0:00:07]} 17. d6 {[%emt 0:00:58]} Rxd6 {[%emt 0:06:00]} 18. Rxd6 {[%emt 0:00:08]} cxd6 {[%emt 0:00:00]} 19. Nc4 {[%emt 0:00:44]} Kb8 {[%emt 0:01:01]} 20. Nxb6 {[%emt 0:00:59]} axb6 {[%emt 0:00:00]} 21. Nb5 {[%emt 0:00:35]} Nc6 {[%emt 0:00:13]} 22. Be3 {[%emt 0:01:03]} Nd5 {[%emt 0:00:01]} 23. Rc1 {[%emt 0:00:37]} Nxe3 {[%emt 0:00:47]} 24. fxe3 {[%emt 0:00:02]} Qe4 {[%emt 0:00:22]} 25. Kf2 {[%emt 0:00:18]} Qxb4 $2 {[%emt 0:00:17]} ({Black should try} 25... Re8 $19 26. Rc3 Re5) 26. Qxb4 {[%emt 0:00:12]} Nxb4 {[%emt 0:00:00]} 27. Rd1 {[%emt 0:00:01]} Rd8 {[%emt 0:00:20]} 28. a3 {[%emt 0:00:10]} Nc6 {[%emt 0:00:11]} 29. Rxd6 {[%emt 0:00:00]} Rxd6 {[%emt 0:00:00]} 30. Nxd6 {[%emt 0:00:00]} Ne5 {[%emt 0:00:00]} 31. e4 {[%emt 0:00:01]} Kc7 {[%emt 0:00:00]} 32. Nb5+ {[%emt 0:00:14]} (32. Ne8+ $17 {is a better defense.} Kc6 33. Nf6) 32... Kc6 {[%emt 0:00:00]} 33. a4 $19 {[%emt 0:00:10]} Kc5 {[%emt 0:00:00]} 34. h3 {[%emt 0:00:00]} Kb4 {[%emt 0:00:00]} 35. Nd6 {[%emt 0:00:00]} Kxa4 {[%emt 0:00:00]} 36. Nxb7 {[%emt 0:00:00]} b5 {[%emt 0:00:00]} 37. Nc5+ {[%emt 0:00:00]} Ka3 {[%emt 0:00:00]} 38. Ke3 {[%emt 0:00:00]} b4 {[%emt 0:00:00]} 39. Kd4 {[%emt 0:00:00]} Nc6+ {[%emt 0:00:00]} 40. Kc4 {[%emt 0:00:00]} Na5+ {[%emt 0:00:00]} 41. Kd3 {[%emt 0:00:00]} b3 {[%emt 0:00:00]} 42. Kc3 {[%emt 0:00:19]} b2 {[%emt 0:00:00]} 43. Kc2 {[%emt 0:00:00]} Ka2 {[%emt 0:00:00]} 44. Na4 {[%emt 0:00:00]} b1=Q+ {[%emt 0:00:00]} 45. Kd2 {[%emt 0:00:00]} Qb4+ {[%emt 0:00:00]} 0-1

[Event "Balkan Youth Online-ch 2020"]
[Site "Online"]
[Date "2020.10.31"]
[Round "5.34"]
[White "Budisavljevic, Luka"]
[Black "Patrelakis, Evaggelos"]
[Result "1-0"]
[WhiteElo "2454"]
[BlackElo "2281"]
[Annotator "TA"]
[PlyCount "79"]
[EventDate "2020.10.31"]
[EventType "swiss"]
[SourceTitle "playchess.com"]
[Source "ChessBase"]
[SourceQuality "1"]

{[%evp 13,78,0,0,-16,6,20,34,32,28,-11,-9,-21,-20,-28,-22,-26,-31,-30,-24,-56,-47,-60,-14,-37,-3,-41,-22,-30,19,0,0,-35,-41,-57,-52,-83,60,-180,-160,-265,-136,-167,-99,-109,-58,-71,0,-27,25,0,677,588,29974,29975,5714,796,29976,2315,29990,29991,29996,29997,29997,29998,29998,29999,29999]} 1. d4 Nf6 2. c4 e6 3. Nc3 Bb4 4. e3 O-O 5. Bd2 d5 6. Nf3 b6 7. cxd5 exd5 8. Bd3 {E51: Nimzo-Indian: Rubinstein: 4...0-0 5 Nf3 d5.} a6 9. O-O {[#]} Bg4 $146 ({Predecessor:} 9... Bb7 10. Ne5 Bd6 11. f4 c5 12. Be1 cxd4 13. exd4 Nc6 14. Bf2 b5 15. a3 b4 16. axb4 Nxb4 17. Bh4 Be7 18. Bxf6 Bxf6 {½-½ (56) Rahul,S (2457)-Ganguly,S (2635) chess.com INT 2020}) 10. Qb3 {White is slightly better.} Bxc3 11. bxc3 c5 {And now ...c4 would win.} 12. Bb1 Bxf3 13. gxf3 Nc6 {[%cal Bb8c6,Bc6a5,Ba5c4][%mdl 32]} 14. Kh1 Na5 15. Qc2 Rc8 16. Qf5 Nc4 17. Bc1 Kh8 18. Bd3 b5 19. Rg1 g6 20. Qg5 Nh5 21. Bxc4 dxc4 22. Ba3 {[#]} b4 $1 {[%mdl 512]} 23. cxb4 {Threatens to win with Qxd8.} cxd4 {Strongly threatening ...f6.} 24. Qe5+ Nf6 (24... f6 $17 25. Qxd4 Qxd4 26. exd4 Rfd8) 25. exd4 $2 (25. Rad1 $14 {keeps the upper hand.} d3 26. Rg4) 25... Re8 $19 26. Qf4 (26. Qg5 $17 {was called for.}) 26... Kg7 ({Black should play} 26... Nd5 $19 27. Qg3 Nc3) 27. Rae1 c3 ({Black should try} 27... Nd5 $19 28. Rxe8 Nxf4 29. Rxd8 Rxd8) 28. Bc1 Qd5 ({Better is} 28... Nd5 $17 29. Rxe8 Qxe8) 29. a3 $1 $15 Qa2 {[%mdl 1024] Black has strong compensation.} 30. Qh4 {White wants to mate with Bh6+.} Nd5 (30... h5 $142) 31. Re5 $40 {[%mdl 128] Black needs to defend precisely.} Qc4 $2 {[%mdl 8192]} (31... Kg8 $11) 32. Rh5 h6 33. Bxh6+ Kg8 {[#]} 34. Rxd5 $1 Re6 (34... Qxd5 35. Qf6) 35. Rh5 (35. Rd8+ $142 Rxd8 36. Qxd8+ Kh7 37. Qf8 Qxd4 38. Rg3 Re7 39. Bg7 Qd1+ {[#]} 40. Kg2 $1 {[%mdl 512]}) 35... c2 36. Bc1 {White mates.} Qe2 37. Rh8+ Kg7 38. Qh6+ Kf6 39. Bg5+ Kf5 40. Qh3# {Av CentiPawn Loss W=-1/B=621. Weighted=-63/80} 1-0